000 004250000a22001090004500
090 _aAS
_bSeriadas
245 1 0 _aStudies in neotropical mallophaga (IX)
_samblycera of the new world "Galiformes" part 1. the genus menacanthus neumann
041 0 _aEspañol
100 1 _aCarriker, M. A.
_9100167
942 _cARTICULO
773 1 _tRevista de la Academia Colombiana de Ciencias Exactas, Físicas y Naturales
_h25-26
_q115-137
_d1947
_g7
999 _c15908
_d15908